00653cam a22002053a 450000100060000000300060000600500170001200800410002904000150007004200070008505000070009210000430009924501070014226000290024950600300027851600200030865300480032883000290037685600420040529253PGUSA20140828083631.0090626s2009||||xxu|||||s|||||000 | eng d aPGUSAbeng adc 4aHS1 aWiggin, Kate Douglas Smith,d1856-192314aThe Girl Scouts :bA Training School for Womanhoodh[electronic resource] /cKate Douglas Smith Wiggin bProject Gutenberg,c2009 aPublic domain in the USA. aElectronic text aGirl Scouts of the United States of America 0aProject Gutenbergv2925340uhttp://www.gutenberg.org/ebooks/29253